[Event "6th Prospero A Pichay Cup"]
[Site "Manila PHI"]
[Date "2010.08.22"]
[Round "3"]
[White "Polao,Ben"]
[Black "Garma,C"]
[Result "1-0"]
[WhiteElo "2063"]
[BlackElo "2341"]

1.e4 c5 2.Nf3 Nc6 3.Bb5 d6 4.Bxc6+ bxc6 5.h3 e5 6.O-O f5 7.Re1 f4 8.c3 g5
9.d4 cxd4 10.cxd4 Qf6 11.b3 Nh6 12.Qc2 Bd7 13.dxe5 dxe5 14.Bb2 Bd6 15.Nbd2 g4
16.hxg4 Nxg4 17.Nc4 Rg8 18.Rad1 Bc7 19.Rxd7 Kxd7 20.Rd1+ Ke6 21.Ncxe5 Nxe5
22.Nxe5 Bxe5 23.Qc4+ Ke7 24.Ba3+ Bd6 25.Bxd6+ Qxd6 26.Rxd6 Kxd6 27.Qd4+ Ke6
28.e5 Raf8 29.Qd6+ Kf5 30.f3 Rf7 31.e6 Rfg7 32.g4+ fxg3 33.e7 Rg6 34.Qd8 Kf4
35.e8=Q Rxe8 36.Qxe8 Kxf3 37.Qf7+ Kg4 38.Qxh7 Rg5 39.Kg2 a5 40.Qe4+ Kh5 41.Qxc6 Kg4
42.a3 Kf4 43.b4 axb4 44.axb4 Kg4 45.b5  1-0

[Event "6th Geller Memorial Open A"]
[Site "Odessa UKR"]
[Date "2010.08.22"]
[Round "2"]
[White "Varchenko,G"]
[Black "Campi,W"]
[Result "1-0"]
[WhiteElo "2138"]
[BlackElo "1854"]

1.e4 c5 2.Nf3 Nc6 3.Bb5 g6 4.O-O Bg7 5.Bxc6 bxc6 6.Re1 d5 7.d3 Nf6 8.Nbd2 O-O
9.e5 Ng4 10.h3 Nh6 11.Nb3 Qb6 12.Be3 d4 13.Bg5 Nf5 14.g4 f6 15.exf6 exf6
16.Bf4 Nh6 17.Bd6 Rd8 18.Bxc5 Qc7 19.Qd2 Bb7 20.Re7 Qc8 21.Rae1 Nxg4 22.Rxb7 Qxb7
23.hxg4 Re8 24.Nfxd4 Qd7 25.f3 f5 26.gxf5 Rxe1+ 27.Qxe1 Re8 28.Qg3 Re5 29.Ne6 Bf6
30.Bd4 Rxe6 31.fxe6 Bxd4+ 32.Kg2 Qd5 33.e7 Kf7 34.Qf4+ Bf6  1-0

[Event "6th Prospero A Pichay Cup"]
[Site "Manila PHI"]
[Date "2010.08.24"]
[Round "6"]
[White "Nolte,R"]
[Black "Pascua,H"]
[Result "1/2-1/2"]
[WhiteElo "2425"]
[BlackElo "2368"]

1.e4 c5 2.Nf3 Nc6 3.Bb5 g6 4.O-O Bg7 5.Bxc6 dxc6 6.d3 Nf6 7.h3 Nd7 8.Nc3 e5
9.Be3 Qc7 10.Qd2 Nf8 11.Na4 Ne6 12.Ng5 Nf4 13.Nf3 Ne6 14.Ng5 Nf4 15.Nf3 Ne6  1/2-1/2

[Event "6th Prospero A Pichay Cup"]
[Site "Manila PHI"]
[Date "2010.08.25"]
[Round "7"]
[White "Legaspi,R"]
[Black "Haznedaroglu,K"]
[Result "0-1"]
[WhiteElo "2304"]
[BlackElo "2501"]

1.e4 c5 2.Nf3 Nc6 3.Bb5 e6 4.Bxc6 bxc6 5.d3 Ne7 6.Qe2 d5 7.c4 Ng6 8.h4 h5
9.e5 Be7 10.g3 f6 11.Nc3 Kf7 12.O-O Qc7 13.Bd2 Nxe5 14.Nxe5+ Qxe5 15.Qxe5 fxe5
16.f4 exf4 17.Bxf4 Bf6 18.Be5 Kg6 19.Bxf6 gxf6 20.Na4 Rb8 21.b3 e5 22.Nxc5 Bg4
23.Rf2 Rhe8 24.Raf1 f5 25.cxd5 cxd5 26.d4 e4 27.Re1 Rbc8 28.b4 Bf3 29.a4 f4
30.Kh2 Kf5 31.b5 fxg3+ 32.Kxg3 Rg8+ 33.Kh3 Rg6 34.a5 Rcg8 35.b6 axb6 36.axb6 Rg3+
37.Kh2 Kg4 38.Rg1 Kxh4  0-1

[Event "Open"]
[Site "Bratto ITA"]
[Date "2010.08.26"]
[Round "7"]
[White "Rombaldoni,Ax"]
[Black "Kogan,Ar"]
[Result "0-1"]
[WhiteElo "2448"]
[BlackElo "2541"]

1.e4 c5 2.Nf3 Nc6 3.Bb5 e6 4.O-O Nge7 5.Re1 Nd4 6.Nxd4 cxd4 7.c3 a6 8.Bf1 Nc6
9.d3 Bc5 10.a4 O-O 11.Nd2 d6 12.Nb3 e5 13.Nxc5 dxc5 14.f4 Qb6 15.f5 f6 16.g4 c4
17.dxc4 Rd8 18.a5 Nxa5 19.c5 Qc7 20.b4 dxc3 21.Qc2 Nc6 22.Qxc3 Bd7 23.Bc4+ Kh8
24.g5 fxg5 25.Bxg5 Rf8 26.Rad1 Be8 27.Rd6 a5 28.Qg3 axb4 29.f6 Bg6 30.Red1 gxf6
31.Rxf6 Nd4 32.Rdf1 Rg8 33.Rf7 Ne2+ 34.Bxe2 Qxc5+ 35.Be3 Qc3 36.R7f3 Bxe4
37.Bg5 Qc5+ 38.Re3 Rxg5 39.Qxg5 Rg8 40.Qxg8+ Kxg8 41.Kf2 b3  0-1

[Event "6th Open"]
[Site "Dieppe FRA"]
[Date "2010.08.26"]
[Round "6"]
[White "Seret,JL"]
[Black "Tirard,H"]
[Result "0-1"]
[WhiteElo "2396"]
[BlackElo "2443"]

1.e4 c5 2.Nf3 Nc6 3.Bb5 e6 4.Bxc6 bxc6 5.d3 Ne7 6.Qe2 d5 7.O-O Ng6 8.c4 d4
9.e5 Be7 10.g3 O-O 11.h4 f5 12.Bg5 h6 13.Bxe7 Qxe7 14.Nbd2 Nh8 15.Kg2 Bd7
16.Rh1 g6 17.Nb3 a5 18.Qd2 a4 19.Nxc5 Qxc5 20.Qxh6 Qe7 21.c5 Rfb8 22.Rab1 Ra5
23.Qf4 Rxc5 24.h5 g5 25.Nxg5 Rc2 26.Nf3 c5 27.h6 Ng6 28.h7+ Qxh7 29.Qg5 Qg7
30.Rh6 Nxe5 31.Ng1  0-1

[Event "7th Open"]
[Site "Kalamaria GRE"]
[Date "2010.08.26"]
[Round "2"]
[White "Andriasian,Z"]
[Black "Exizoglou,D"]
[Result "1-0"]
[WhiteElo "2588"]
[BlackElo "2262"]

1.e4 c5 2.Nf3 Nc6 3.Bb5 e6 4.Bxc6 bxc6 5.O-O Ne7 6.b3 f6 7.Bb2 d6 8.c3 g6
9.d4 cxd4 10.cxd4 Bg7 11.Nc3 O-O 12.Rc1 Qa5 13.Re1 Rd8 14.Qc2 c5 15.e5 f5
16.d5 dxe5 17.Nxe5 exd5 18.Na4 Bxe5 19.Bxe5 Nc6 20.Bf6 Rf8 21.Ba1 c4 22.bxc4 d4
23.c5 Ba6 24.h4 Rfe8 25.Qb3+ Kf8 26.Nc3 dxc3 27.Bxc3 Qd8 28.Red1 Qe7 29.Rd6 Rab8
30.Qd5 Ne5 31.Rxa6 Rbd8 32.Rd6 Rxd6 33.cxd6 Qf7 34.Qxf7+ Kxf7 35.Bxe5 Rxe5
36.Rc7+ Ke6 37.d7 Re1+ 38.Kh2 Rd1 39.Rxa7 h6 40.a4 Ke7 41.g3 Rd4 42.Kg2 f4
43.g4 h5 44.gxh5 gxh5 45.Kf3  1-0

[Event "46th Akiba Rubinstein Open A"]
[Site "Polanica Zdroj POL"]
[Date "2010.08.26"]
[Round "8"]
[White "Janocha,W"]
[Black "Dobrowolski,A"]
[Result "1/2-1/2"]
[WhiteElo "2304"]
[BlackElo "2328"]

1.e4 c5 2.Nf3 Nc6 3.Bb5 g6 4.Bxc6 dxc6 5.O-O Bg7 6.h3 Nf6 7.Re1 O-O 8.d3 Re8
9.e5 Nd5 10.a4 h6 11.Nbd2 Be6 12.Ne4 b6 13.Bd2 Nc7 14.Bf4 Bd5 15.b3 Ne6 16.Bh2 b5
17.Nfd2 Qd7 18.Nc3 a6 19.Ne2 Red8 20.c4 Bxg2 21.Kxg2 Qxd3 22.Nf3 Qf5 23.Qb1 Rd3
24.Neg1 Rad8 25.axb5 axb5 26.Re3 Kh7 27.Ra7 Bf8 28.Ra6 h5 29.Rxc6 bxc4 30.bxc4 Bh6
31.Rxd3 Rxd3 32.Qe1 Bf4 33.Rxe6 fxe6 34.Bxf4 Qxf4 35.Qe4 Qf5 36.Ne2 Kh6 37.Ng3 Qxe4
38.Nxe4 g5 39.Nxc5 Rc3 40.Nxg5 Rxc4 41.Ncxe6 Kg6 42.f4 Kf5 43.Kg3 Rc3+ 44.Kh4 Rc8
45.Kg3 Rc3+ 46.Kg2 Ra3 47.Kf2 h4 48.Ke2 Rg3 49.Kf1 Ra3 50.Kf2 Rg3 51.Ke2 Ra3
52.Kf2 Rg3 53.Kf1 Ra3 54.Ke2 Rg3 55.Kf2 Ra3 56.Ke2 Rg3 57.Kf1 Ra3 58.Kf2 Ra8  1/2-1/2

[Event "ch-RUS Higher League"]
[Site "Irkutsk RUS"]
[Date "2010.08.28"]
[Round "3"]
[White "Maslak,K"]
[Black "Sjugirov,S"]
[Result "1/2-1/2"]
[WhiteElo "2560"]
[BlackElo "2610"]

1.e4 c5 2.Nf3 Nc6 3.Bb5 d6 4.O-O Bd7 5.Re1 a6 6.Bf1 Nf6 7.c3 Bg4 8.h3 Bxf3
9.Qxf3 g6 10.Na3 Bg7 11.Nc2 Nd7 12.b3 b5 13.Rb1 b4 14.a3 O-O 15.axb4 cxb4
16.d4 bxc3 17.Qxc3 Qb6 18.Be3 Qb7 19.Qd2 a5 20.g3 Rfc8 21.Bg2 e5 22.Red1 Rc7
23.h4 h5 24.d5 Nb4 25.Nxb4 Qxb4 26.Qxb4 axb4 27.Bd2 Rb8 28.Rdc1 Rxc1+ 29.Rxc1 Nc5
30.Rc4 Bf8 31.Rxb4 Rxb4 32.Bxb4 Nxb3 33.Kf1 Nd4 34.Bc3 Bh6 35.Bb4 Bf8 36.Bc3 Bh6
37.Bb4  1/2-1/2

[Event "TCh-SUI 2010"]
[Site "Switzerland SUI"]
[Date "2010.08.28"]
[Round "6.2"]
[White "Flueckiger,C"]
[Black "Moor,R"]
[Result "1-0"]
[WhiteElo "2324"]
[BlackElo "2365"]

1.e4 c5 2.Nf3 Nc6 3.Bb5 e6 4.O-O Nge7 5.b3 Ng6 6.Bb2 f6 7.Re1 Qc7 8.c3 a6
9.Bf1 Nce5 10.Nxe5 fxe5 11.d4 Be7 12.dxe5 O-O 13.c4 Nxe5 14.Nd2 b6 15.g3 Bf6
16.Rb1 Nc6 17.Bxf6 Rxf6 18.f4 e5 19.f5 Rd6 20.Qh5 g6 21.fxg6 hxg6 22.Qh6 Qd8
23.Nf3 Qf8 24.Qxf8+ Kxf8 25.Rbd1 Rf6 26.Ng5 Ke7 27.Bh3 Nd4 28.Rf1 Bb7 29.Bg4 b5
30.Rxf6 Kxf6 31.h4 Ke7 32.Rf1 Rf8 33.Rxf8 Kxf8 34.Bxd7 Ke7 35.Bg4 bxc4 36.bxc4 a5
37.Nf3 Kf6 38.Nd2 a4 39.a3 Nc2 40.Bd1 Nxa3 41.Bxa4 Bc8 42.Kf2 g5 43.Ke3 gxh4
44.gxh4 Bg4 45.Kd3 Kg6 46.Kc3 Kh5 47.Kb3 Nxc4 48.Kxc4 Kxh4 49.Kxc5 Kg3 50.Kd5 Kf4
51.Nc4 Be6+ 52.Kxe6 Kxe4 53.Nxe5 Kd4 54.Bc6 Kc5 55.Bf3 Kd4 56.Ng4 Kd3 57.Kd5 Kc3
58.Nf2 Kd2 59.Kd4 Kc2 60.Bd5 Kd2 61.Ba2 Ke2 62.Nd3 Kd2 63.Bb3 Ke2 64.Ba4 Kd2
65.Nf4 Ke1 66.Ke3 Kf1 67.Bb3 Ke1 68.Ng2+ Kf1 69.Kf3 Kg1 70.Kg3  1-0

[Event "TCh-SRB 1st League"]
[Site "Vrnjacka Banja SRB"]
[Date "2010.08.28"]
[Round "8"]
[White "Ristic,Nen"]
[Black "Popovic,Milo2"]
[Result "1/2-1/2"]
[WhiteElo "2413"]
[BlackElo "2401"]

1.e4 c5 2.Nf3 Nc6 3.Bb5 e5 4.O-O Nge7 5.c3 g6 6.d4 cxd4 7.cxd4 exd4 8.Bf4 a6
9.Bc4 b5 10.Bb3 Bg7 11.Bd6 O-O 12.Nbd2 Bb7 13.e5 Nf5 14.Bxf8 Qxf8 15.Re1 Re8
16.Bd5 Qc5 17.Bxc6 Qxc6 18.Nb3 d6 19.Rc1 Qd5 20.exd6 Rd8 21.Rc7 Bf6 22.Na5 Ba8
23.d7 Kg7 24.Re8 Qd6 25.Qc1 Bxf3 26.gxf3 Rxd7 27.Rcc8 h5 28.Rh8 Bh4 29.Rhg8+ Kh7
30.Rh8+ Kg7 31.Rhg8+ Kh7 32.Rh8+  1/2-1/2

[Event "17th WGM"]
[Site "Graz AUT"]
[Date "2010.08.30"]
[Round "3"]
[White "Schneider,Ve"]
[Black "Limontaite,S"]
[Result "1/2-1/2"]
[WhiteElo "2292"]
[BlackElo "2230"]

1.e4 c5 2.Nf3 Nc6 3.Bb5 g6 4.Bxc6 dxc6 5.d3 Nf6 6.Be3 Nd7 7.Nc3 e5 8.Qd2 Qe7
9.O-O-O Bg7 10.Bh6 Bxh6 11.Qxh6 f6 12.Nd2 Nf8 13.f4 exf4 14.Qxf4 Be6 15.e5 f5
16.g4 O-O-O 17.gxf5 gxf5 18.h4 Rg8 19.Nf3 Rg4 20.Qe3 Bd5 21.Rde1 Ne6 22.Nxd5 cxd5
23.Rhg1 Rdg8 24.Qf2 h6 25.a3 R8g7 26.Kb1 Kc7 27.Qe3 f4 28.Qf2 Rg3 29.d4 c4
30.Ref1 R7g4 31.Rh1 b6 32.Qd2 Kb7 33.Ka2 Qc7 34.Qc3 Rg2 35.Ne1 R2g3 36.Nf3 a5
37.a4 Rg8 38.Qd2 Qd7 39.Ka3 Qe7+ 40.Ka2 Qd7 41.b3 cxb3+ 42.cxb3 Qh7 43.Rf2 R8g7
44.Rc1 Rc7 45.Rxc7+ Kxc7 46.b4 Qd7 47.b5 Kb7 48.Qd3 Qf7 49.Kb2 Qe7 50.Qc3 Qc7
51.Qb3 Qd7 52.Qd3  1/2-1/2

[Event "ch-RUS Higher League"]
[Site "Irkutsk RUS"]
[Date "2010.08.30"]
[Round "5"]
[White "Zvjaginsev,V"]
[Black "Bocharov,D"]
[Result "1-0"]
[WhiteElo "2656"]
[BlackElo "2618"]

1.e4 c5 2.Nf3 Nc6 3.Bb5 e6 4.O-O Nge7 5.Re1 a6 6.Bf1 d5 7.d3 d4 8.e5 Nd5
9.g3 Be7 10.h4 h6 11.c4 dxc3 12.bxc3 b5 13.c4 Nb6 14.Nc3 bxc4 15.dxc4 Na5
16.Qc2 Bb7 17.Ne4 O-O 18.Rb1 Qc7 19.Bd2 Nc6 20.Qb2 Nb4 21.a3 a5 22.axb4 cxb4
23.Qc1 Rfc8 24.c5 Nd7 25.c6 Bxc6 26.Nd4 Nxe5 27.Bg2 Qb6 28.Nxc6 Rxc6 29.Be3 Qb5
30.Qd1 Rd8 31.Qe2 Qxe2 32.Rxe2 Rdc8 33.Ra2 Nc4 34.Nd2 Nxd2 35.Rxd2 Rc1+ 36.Rxc1 Rxc1+
37.Kh2 Rc3 38.Bd4 Rc8 39.Ra2 Rc4 40.Ba1 Bd8 41.Bf1 Rc1 42.Bd3 Bb6 43.Kg2 Rd1
44.Bc2 Re1 45.Kf3 h5 46.Bd3 Rd1 47.Ke2 Rh1 48.Be4 Rg1 49.Bb2 f5 50.Bc6 Kf7
51.Ra1 Rxa1 52.Bxa1 Bc7 53.Bd4 e5 54.Bc5 Kf6 55.Be8 g6 56.Kd3 Bd8 57.Be3 Kg7
58.f3 f4 59.gxf4 exf4 60.Bf2 Kh6 61.Ke4 b3 62.Kd3 b2 63.Kc2 Bf6 64.Be1 Kg7
65.Kb1 Kh6 66.Ka2 Kg7 67.Bb5 Kh6 68.Bd3 Kg7 69.Kb3 Kh6 70.Ka3 Kg7 71.Bf2 Kh6
72.Kb3 Be5 73.Bc5 Bf6 74.Bf8+ Kh7 75.Bd6 Bxh4 76.Kxb2 Bf6+ 77.Kb3 Kg7 78.Bxf4 g5
79.Bc7 g4 80.f4 h4 81.Bf5 g3 82.Bh3 Kg6 83.Bxa5 g2 84.Bb6 Be7 85.Bxg2 Bd6
86.Be4+ Kh5 87.f5 Kg4 88.Kc4 h3 89.Kd5 Be7 90.Bc7  1-0

[Event "1st Campomanes Memorial Cup Open"]
[Site "Manila PHI"]
[Date "2010.08.30"]
[Round "4"]
[White "Polao,Ben"]
[Black "Nodado,J"]
[Result "1-0"]
[WhiteElo "2063"]
[BlackElo "2287"]

1.e4 c5 2.Nf3 Nc6 3.Bb5 e6 4.O-O Nge7 5.Re1 a6 6.Bxc6 Nxc6 7.Nc3 d6 8.d3 Be7
9.Nd2 O-O 10.f4 b5 11.a3 Bb7 12.Nf3 b4 13.axb4 cxb4 14.Na4 d5 15.Be3 d4 16.Bf2 Rc8
17.Nd2 Qc7 18.Nc4 Bd6 19.Nxd6 Qxd6 20.Bg3 f5 21.Nb6 Rc7 22.Nc4 Qc5 23.Qh5 g6
24.Qh3 Nd8 25.Ra5 Qa7 26.b3 Nc6 27.Ra4 Bc8 28.Nd6 Qc5 29.Nc4 e5 30.Qh4 fxe4
31.Rxe4 Rcf7 32.h3 Rf5 33.Rxe5 Nxe5 34.fxe5 Rf1+ 35.Kh2 Bb7 36.e6 g5 37.Qg4 Qd5
38.Be5 h6 39.Ra5 Qd8 40.Bd6 R8f6 41.e7 Qe8 42.Be5 Qxe7 43.Bxf6 Qxf6 44.Re5 Rf2
45.Re8+ Kf7 46.Qd7+ Kg6 47.Rg8+ Kh5 48.Qg4+  1-0

[Event "ch-RUS Higher League w"]
[Site "St Petersburg RUS"]
[Date "2010.09.01"]
[Round "7"]
[White "Manakova,M"]
[Black "Savina,A"]
[Result "0-1"]
[WhiteElo "2306"]
[BlackElo "2392"]

1.e4 c5 2.Nf3 Nc6 3.Bb5 d6 4.c3 Nf6 5.Qe2 Bd7 6.d4 cxd4 7.cxd4 a6 8.Bxc6 Bxc6
9.Nc3 d5 10.Ne5 Nxe4 11.Nxe4 dxe4 12.Nxc6 bxc6 13.Qxe4 Qd5 14.Qxd5 cxd5 15.Ke2 g6
16.Be3 Bg7 17.Rac1 Kd7 18.Rc5 e6 19.Rhc1 Rhc8 20.Kd3 Bf8 21.R5c3 Bd6 22.h3 Rxc3+
23.bxc3 Rb8 24.c4 Rb2 25.cxd5 Rxa2 26.dxe6+ Kxe6 27.Kc4 Ra4+ 28.Kb3 Rb4+
29.Kc3 a5 30.Ra1 a4 31.Kc2 Kd5 32.Kd3 f5 33.g3 Rb3+ 34.Kc2 Ra3 35.Re1 Kc4
36.h4 Bb4 37.Rd1 Bc3 38.Bc1 Ra2+ 39.Kb1 Ra1+ 40.Kc2 Ra2+ 41.Kb1 Kb3  0-1

[Event "9th Georgiev-Kesarovski Mem"]
[Site "Sunny Beach BUL"]
[Date "2010.09.03"]
[Round "7"]
[White "Gschwendtner,K"]
[Black "Kosanovic,D"]
[Result "0-1"]
[WhiteElo "2139"]
[BlackElo "2324"]

1.e4 c5 2.Nf3 Nc6 3.Bb5 e6 4.O-O Nge7 5.Re1 a6 6.Bf1 d5 7.exd5 Qxd5 8.Nc3 Qd8
9.Ne4 Nf5 10.b3 Be7 11.Bb2 O-O 12.c3 b6 13.a3 Ra7 14.b4 cxb4 15.axb4 Nd6
16.d4 Nxe4 17.Rxe4 b5 18.Bd3 Rd7 19.Qe2 Bb7 20.Rg4 g6 21.h4 Rd5 22.Bc1 Re8
23.Bg5 Qd7 24.Rg3 Bd6 25.Be4 Bxg3 26.fxg3 Rxg5 27.Nxg5 Qd6 28.Rf1 f5 29.Bc2 Qxg3
30.d5 Ne5 31.dxe6 Ng4  0-1

[Event "ch-RUS Higher League"]
[Site "Irkutsk RUS"]
[Date "2010.09.04"]
[Round "9"]
[White "Zvjaginsev,V"]
[Black "Khismatullin,D"]
[Result "1/2-1/2"]
[WhiteElo "2656"]
[BlackElo "2667"]

1.e4 c5 2.Nf3 Nc6 3.Bb5 g6 4.O-O Bg7 5.Re1 Nf6 6.d3 O-O 7.h3 Qb6 8.Nc3 d6
9.Bc4 e6 10.Bb3 h6 11.Be3 e5 12.Rb1 Qd8 13.Nd5 Nxd5 14.Bxd5 Ne7 15.Bb3 Kh7
16.c3 f5 17.exf5 Nxf5 18.Bd5 Ne7 19.Bb3 Nf5 20.Bd5 Ne7  1/2-1/2

[Event "7th Malaysia Open"]
[Site "Kuala Lumpur MAS"]
[Date "2010.09.05"]
[Round "7"]
[White "Masruri,R"]
[Black "Mahmud,S"]
[Result "0-1"]
[WhiteElo "2027"]
[BlackElo "2312"]

1.e4 c5 2.Nf3 Nc6 3.Bb5 Qb6 4.Nc3 e6 5.O-O Nge7 6.Re1 Nd4 7.Bf1 d6 8.g3 g6
9.Bg2 Bg7 10.Ne2 Nxf3+ 11.Bxf3 O-O 12.d3 e5 13.Nc3 Be6 14.Rb1 h6 15.Be3 a5
16.Nd5 Bxd5 17.exd5 f5 18.c3 Qc7 19.Bg2 g5 20.f4 exf4 21.gxf4 g4 22.Bd2 Ng6
23.Re6 Kh7 24.h3 h5 25.hxg4 hxg4 26.Kf2 Bf6 27.Qa4 Kg7 28.Qd1 Rf7 29.Qe2 Rh8
30.Rh1 Rxh1 31.Bxh1 b5 32.Re8 b4 33.Qe6 bxc3 34.bxc3 Qb6 35.Ke2 Qb1 36.Bg2 g3  0-1

[Event "9th Georgiev-Kesarovski Mem"]
[Site "Sunny Beach BUL"]
[Date "2010.09.05"]
[Round "9"]
[White "Markidis,K"]
[Black "Nanu,C"]
[Result "0-1"]
[WhiteElo "2342"]
[BlackElo "2515"]

1.e4 c5 2.Nf3 Nc6 3.Bb5 e6 4.O-O Nge7 5.Nc3 Qb6 6.Re1 a6 7.Bf1 Ng6 8.b3 Be7
9.Bb2 O-O 10.Ne2 d5 11.Ng3 d4 12.c3 Rd8 13.cxd4 cxd4 14.d3 Bd7 15.a3 Rac8
16.Rc1 Bf8 17.e5 Qa5 18.b4 Qd5 19.Re4 Be8 20.Nxd4 Ncxe5 21.Rxc8 Rxc8 22.Qb3 Bc6
23.Qxd5 Bxd5 24.Re1 Nd7 25.Ne4 e5 26.Nf5 Rc2 27.Re2 Rxe2 28.Bxe2 Nf4 29.Bf1 f6
30.Ne3 Bc6 31.Nc4 b5 32.Na5 Bd5 33.Nc3 Ba8 34.g3 Ne6 35.Bg2 Bxg2 36.Kxg2 Kf7
37.Nd5 Bd6 38.Nb7 Bb8 39.h4 h5 40.Na5 Nc7 41.Nc3 Ba7 42.a4 Bd4 43.axb5 axb5
44.Nd1 Bxb2 45.Nxb2 Nb8 46.Nd1 Nba6 47.Nc6 Ke6 48.Nc3 Kd7 49.Na7 Nxb4 50.Naxb5 Nxb5
51.Nxb5 Nxd3 52.Kf3 Nc5 53.Ke3 Ke6 54.f3 Nb7 55.Nc7+ Kd7 56.Nd5 Kd6 57.Nc3 Ke6
58.Ne4 Nd6 59.Nc5+ Kd5 60.Nd7 Nc4+ 61.Kf2 Kd6 62.Nb8 Nb6 63.Ke3 Nd5+ 64.Ke4 g6
65.g4 Nb4 66.f4 hxg4 67.fxe5+ fxe5  0-1

[Event "12th Open"]
[Site "Trieste ITA"]
[Date "2010.09.05"]
[Round "3"]
[White "Rombaldoni,Ax"]
[Black "Kuzubov,Y"]
[Result "0-1"]
[WhiteElo "2453"]
[BlackElo "2628"]

1.e4 c5 2.Nf3 Nc6 3.Bb5 g6 4.O-O Bg7 5.Re1 Nf6 6.e5 Nd5 7.Nc3 Nc7 8.Bxc6 dxc6
9.Ne4 b6 10.Nf6+ Kf8 11.Ne4 Ne6 12.d3 Nd4 13.Nxd4 cxd4 14.f4 h6 15.Qf3 Be6
16.a4 Kg8 17.Qf2 a5 18.Bd2 c5 19.b3 Qd7 20.h3 Rf8 21.Re2 Bd5 22.Rae1 Kh7
23.Qh4 Qd8 24.g4 Kg8 25.Qg3 Qc7 26.Nf2 Qd7 27.f5 gxf5 28.Kh2 Kh7 29.g5 hxg5
30.Qxg5 Qe6 31.Rg1 Bh6 32.Qh5 Rfg8 33.Bxh6 Rxg1 34.Kxg1 Qxh6 35.Qxf5+ Qg6+
36.Qxg6+ Kxg6 37.Kh2 Rh5 38.Re1 Rf5 39.Ng4 Kg5 40.e6 f6 41.Kg1 Rf3 42.Nf2 Kh4
43.Re2 Rg3+  0-1

[Event "TCh-ROU Superliga w"]
[Site "Baile Herculane ROU"]
[Date "2010.09.07"]
[Round "4"]
[White "Ionescu,I"]
[Black "Cramling,P"]
[Result "0-1"]
[WhiteElo "2272"]
[BlackElo "2509"]

1.e4 c5 2.Nf3 Nc6 3.Bb5 d6 4.Bxc6+ bxc6 5.O-O Bg4 6.Re1 Nf6 7.e5 Nd5 8.d3 e6
9.h3 Bh5 10.c4 Nb6 11.Nc3 d5 12.b3 Be7 13.Qe2 O-O 14.Bf4 f5 15.Rad1 g5 16.Bc1 Qe8
17.g3 Qg6 18.Kg2 Rf7 19.Qf1 Raf8 20.Ne2 Bxf3+ 21.Kxf3 Nd7 22.Ng1 h5 23.Kg2 f4
24.f3 fxg3 25.Kxg3 g4 26.f4 Bg5 27.h4 Bxf4+ 28.Bxf4 Rxf4 29.Qxf4 Rxf4 30.Kxf4 g3
31.Kf3 Nxe5+ 32.Kg2 Nxd3 33.Rf1 e5 34.cxd5 cxd5 35.Rf3 Nf4+ 36.Rxf4 exf4
37.Nf3 Qc2+ 38.Rd2 Qe4 39.Rb2 Kg7  0-1

[Event "FSGM September"]
[Site "Budapest HUN"]
[Date "2010.09.10"]
[Round "7"]
[White "Eid,Fa"]
[Black "Czebe,A"]
[Result "1/2-1/2"]
[WhiteElo "2387"]
[BlackElo "2479"]

1.e4 c5 2.Nf3 Nc6 3.Bb5 e6 4.Bxc6 bxc6 5.d3 Ne7 6.O-O Ng6 7.Ng5 d5 8.Qh5 h6
9.Nh3 c4 10.dxc4 Ba6 11.Rd1 Bxc4 12.Nd2 Ba6 13.c4 Be7 14.cxd5 cxd5 15.exd5 Qxd5
16.Qxd5 exd5 17.Nb3 O-O 18.Rxd5 Bc4 19.Rd1 Bf6 20.Nd4 Rfd8 21.Be3 Rd5 22.b3 Ba6
23.Nc6 Bxa1 24.Rxd5 Bb7 25.Rc5 Rc8 26.Nxa7 Rxc5 27.Bxc5 Be4 28.Nb5 Be5 29.Bd4 Bd3
30.Bxe5 Bxb5 31.Bd6 f5 32.Nf4 Nxf4 33.Bxf4 Kf7 34.Be5 g5 35.f4 g4 36.Kf2 Ke6
37.Ke3 Bf1 38.g3 Kd5 39.Kd2 Ke4 40.Kc3 h5 41.Bf6 Be2 42.a4 Kd5 43.Kb4 Bd1
44.Be5 Bc2 45.Kc3 Bd1 46.Kb4 Bc2 47.Kb5 Bxb3 48.a5 Ke6 49.Kb6 Bc4 50.Kc7 Bd3
51.Kd8 Be2 52.Ke8 Bd3 53.Kf8 Kd7 54.Kf7 Kc6 55.Kg6 Kb7 56.Kxh5 Ka6 57.Bc7 Bb1
58.Kh4 Bc2 59.Bb6 Bd3 60.Kg5 Bc2  1/2-1/2

[Event "FSGM September"]
[Site "Budapest HUN"]
[Date "2010.09.10"]
[Round "7"]
[White "Varga,Zo"]
[Black "Bui Vinh"]
[Result "1/2-1/2"]
[WhiteElo "2449"]
[BlackElo "2449"]

1.e4 c5 2.Nf3 Nc6 3.Bb5 g6 4.O-O Bg7 5.Re1 Nf6 6.e5 Nd5 7.Nc3 Nc7 8.Bxc6 dxc6
9.Ne4 Ne6 10.d3 O-O 11.Be3 b6 12.Qd2 Re8 13.Bh6 Nd4 14.Nxd4 Qxd4 15.Bxg7 Kxg7
16.Qc3 Qxc3 17.Nxc3 Be6 18.f4 Rad8 19.Kf2  1/2-1/2

[Event "TCh-CHN"]
[Site "Guangzhou CHN"]
[Date "2010.09.11"]
[Round "11"]
[White "Lu Shanglei"]
[Black "Bu Xiangzhi"]
[Result "0-1"]
[WhiteElo "2340"]
[BlackElo "2682"]

1.e4 c5 2.Nf3 Nc6 3.Bb5 d6 4.Bxc6+ bxc6 5.O-O Bg4 6.h3 Bh5 7.e5 e6 8.exd6 Bxd6
9.d3 Nf6 10.Nbd2 O-O 11.Re1 Qc7 12.Nc4 Rae8 13.b3 e5 14.Bb2 Nd7 15.g4 Bg6
16.Nh4 Nb6 17.Nxd6 Qxd6 18.Qf3 Nd5 19.Qg3 f6 20.Ng2 Re7 21.Ba3 Nf4 22.Nxf4 exf4
23.Qf3 Rfe8 24.Kf1 Bf7 25.c4 Qd4 26.Rad1 Rxe1+ 27.Rxe1 Rxe1+ 28.Kxe1 Qa1+
29.Qd1 Qxa2 30.Bxc5 Bg6 31.Kf1 Qa5 32.Bd6 Qc3 33.Bxf4 Bxd3+ 34.Kg1 h6 35.Bd2 Qd4
36.Be3 Qe4 37.Qd2 Bc2 38.Qc3 a6 39.Kh2 Bd1 40.Kg3 Qh1 41.Qd3 Qg1+ 42.Kh4 Bxg4
43.Qg6 h5 44.Qe8+ Kh7 45.Qe4+ f5 46.Qf4 Qh1 47.Qg3 Bd1 48.Qe5 Bc2 49.b4 Qg2
50.Qg3 Qe4+ 51.Kxh5 Bd1+ 52.Kg5 Qe7+ 53.Kf4 Qd6+  0-1

[Event "e2e4 Open"]
[Site "Sunningdale ENG"]
[Date "2010.09.11"]
[Round "3"]
[White "Haria,R"]
[Black "Pleasants,A"]
[Result "1-0"]
[WhiteElo "1773"]
[BlackElo "2085"]

1.e4 c5 2.Nf3 Nc6 3.Bb5 Nd4 4.Nxd4 cxd4 5.O-O e6 6.d3 a6 7.Ba4 b5 8.Bb3 Bb7
9.f4 Be7 10.f5 e5 11.Qg4 Bf6 12.c3 Qb6 13.Kh1 Rc8 14.Qe2 Ne7 15.cxd4 Qxd4
16.Be3 Qb4 17.Nc3 O-O 18.Rac1 Qa5 19.Qf2 Qb4 20.Ne2 d6 21.Ng3 Rxc1 22.Rxc1 Rc8
23.Rxc8+ Nxc8 24.Nh5 Bd8 25.Qg3  1-0

[Event "TCh-ROU Superliga"]
[Site "Baile Herculane ROU"]
[Date "2010.09.12"]
[Round "9"]
[White "Iordachescu,V"]
[Black "Kotronias,V"]
[Result "1-0"]
[WhiteElo "2632"]
[BlackElo "2592"]

1.e4 c5 2.Nf3 Nc6 3.Bb5 g6 4.Bxc6 dxc6 5.d3 Bg7 6.h3 b6 7.O-O e5 8.a4 a5
9.Na3 h6 10.Nc4 Qc7 11.Bd2 Rh7 12.Bc3 f6 13.Nh4 Kf7 14.f4 exf4 15.e5 fxe5
16.Qe2 Ne7 17.Nxe5+ Kg8 18.Nexg6 Bxc3 19.bxc3 Nxg6 20.Nxg6 Bxh3 21.Nxf4 Bf5
22.Nd5 cxd5 23.Rxf5 Rf7 24.Raf1 Raf8 25.Qe6 Kg7 26.Qxd5 Rxf5 27.Rxf5 Rxf5
28.Qxf5 c4 29.Qg4+ Kf6 30.Qd4+ Ke6 31.Kf2 cxd3 32.cxd3 Qc6 33.c4 Kf5 34.g4+ Kg5
35.Kg3 Qc7+ 36.Kh3 Kg6 37.Qd5 Kh7 38.d4 Qa7 39.Qe6 Qb7 40.d5 Qg7 41.d6 Qc3+
42.Kh4 Qd2 43.Qf5+ Kg7 44.Qe5+ Kg6 45.Qe6+ Kg7 46.Kg3 Qc3+ 47.Kf4 Qd4+ 48.Kf5 Qf2+
49.Ke5 Qc5+ 50.Ke4 Qc6+ 51.Qd5 Qxa4 52.d7 Qc2+ 53.Ke5 Qe2+ 54.Kd6  1-0

[Event "e2e4 Open"]
[Site "Sunningdale ENG"]
[Date "2010.09.12"]
[Round "5"]
[White "Wall,G"]
[Black "Croad,N"]
[Result "1-0"]
[WhiteElo "2308"]
[BlackElo "2290"]

1.e4 c5 2.Nf3 Nc6 3.Bb5 g6 4.O-O Bg7 5.Nc3 e5 6.Bxc6 dxc6 7.d3 Ne7 8.Be3 b6
9.Qd2 O-O 10.a3 Bg4 11.Ne1 Be6 12.Ne2 a5 13.Rd1 Ra7 14.Bh6 f6 15.Bxg7 Kxg7
16.f4 exf4 17.Nxf4 Bf7 18.Nf3 Nc8 19.Qc3 Qd6 20.e5 fxe5 21.Nxe5 Kg8 22.Rde1 h5
23.Nfxg6 Bxg6 24.Rxf8+ Kxf8 25.Nxg6+ Qxg6 26.Qh8+ Kf7 27.Qxc8 Kg7 28.Qd8 Rf7
29.Re5 Kh7 30.Rg5 Rf8 31.Qe7+ Rf7 32.Qe5  1-0

[Event "WCh w Blitz Semi-Final"]
[Site "Moscow RUS"]
[Date "2010.09.15"]
[Round "7"]
[White "Ambartsumova,K"]
[Black "Romanko,M"]
[Result "0-1"]
[WhiteElo "2302"]
[BlackElo "2411"]

1.e4 c5 2.Nf3 Nc6 3.Bb5 d6 4.O-O Bd7 5.Re1 a6 6.Bf1 Bg4 7.c3 Nf6 8.d4 cxd4
9.cxd4 d5 10.e5 Ne4 11.Nc3 Nxc3 12.bxc3 e6 13.Rb1 Rb8 14.Bd3 Be7 15.Bd2 Bh5
16.Rb2 Bg6 17.Qb1 Bxd3 18.Qxd3 Na5 19.Reb1 b5 20.a4 Nc4 21.Rb3 Qd7 22.axb5 axb5
23.Bg5 Bxg5 24.Nxg5 h6 25.Nf3 O-O 26.g4 f5 27.g5 Kh7 28.Kh1 Rg8 29.Rg1 Qe7
30.Qf1 b4 31.cxb4 Rxb4 32.Rxb4 Qxb4 33.g6+ Kh8 34.Ng5 Re8 35.Nf7+ Kg8 36.Qh3 Qe7
37.Ng5 Nd2  0-1

[Event "WCh w Blitz Semi-Final"]
[Site "Moscow RUS"]
[Date "2010.09.15"]
[Round "10"]
[White "Muzychuk,M"]
[Black "Charochkina,D"]
[Result "1-0"]
[WhiteElo "2464"]
[BlackElo "2303"]

1.e4 c5 2.Nf3 Nc6 3.Bb5 d6 4.O-O Bd7 5.Re1 Nf6 6.Bxc6 Bxc6 7.d3 e6 8.e5 dxe5
9.Nxe5 Rc8 10.Nc3 Be7 11.Nxc6 Rxc6 12.Qf3 O-O 13.Bf4 Nd5 14.Nxd5 exd5 15.Qg4 Rg6
16.Qh5 Qd7 17.Re3 Bf6 18.c3 d4 19.Rh3 h6 20.c4 Re8 21.Rg3 Qe7 22.Kf1 Bh4
23.Rxg6 fxg6 24.Qf3 Kh7 25.g3 Bf6 26.Bd2 Rf8 27.Re1 Qd7 28.Kg2 b5 29.Qe4 bxc4
30.dxc4 d3 31.b3 Bd4 32.f3 Bb2 33.Re3 Rd8 34.Qe7 Qd4 35.Re4 Qf6 36.Qxf6 Bxf6
37.Re6 Rd7 38.Kf1 g5 39.Ke1 h5 40.Kd1 h4 41.gxh4 gxh4 42.Re4 Kg6 43.Rg4+ Kf5
44.Rf4+ Kg6 45.Rg4+ Kf5 46.Rf4+ Ke6 47.Re4+ Kf5 48.Rf4+ Ke6 49.Re4+ Kf5 50.Rf4+ Kg6
51.Be3 Be5 52.Rxh4 Kf5 53.Bxc5 Bc3 54.Re4 g5 55.Be3 Rh7 56.Bg1 Rh3 57.Re8 Rxf3
58.Rf8+ Bf6 59.Bd4 Ke4 60.Rxf6 Rh3 61.Bc3 Rxh2 62.Re6+ Kf3 63.Rf6+ Ke3 64.Re6+ Kf3
65.Rf6+ Ke3 66.Re6+ Kf3 67.Rf6+ Ke3 68.Rf1 Rxa2 69.Re1+ Kf3 70.Bd4 g4 71.Re3+ Kf4
72.Rxd3 Ke4 73.Rg3 Kxd4 74.Rxg4+ Kc3 75.Rg3+ Kd4 76.Kc1 Rf2 77.Kb1 a5 78.Rg5 Rf3
79.Kb2 Rf2+ 80.Ka3 Rf1 81.Rxa5 Kc3 82.Ka4 Kd4 83.Kb4 Rf8 84.Rd5+ Ke4 85.Rd1 Rb8+
86.Kc3  1-0